[Event "Botvinnik Mem Match, Moscow RUS"]
[Site "?"]
[Date "2001.??.??"]
[Round "2"]
[White "Kasparov, G."]
[Black "Kramnik, V."]
[Result "1/2-1/2"]
[WhiteElo "2835"]
[BlackElo "2805"]
[PlyCount "145"]
[EventDate "2001.??.??"]
[Source "www.chesslib.no"]
[SourceDate "2004.05.04"]

1. e4 c5 2. Nf3 e6 3. d4 cxd4 4. Nxd4 a6 5. c4 Nf6 6. Nc3 Qc7 7. a3 d6 8. Be3 b6 9. Rc1 Nbd7 10. Be2 Bb7 11. f3 Be7 12. O-O O-O 13. Kh1 Rac8 14. b4 Qb8 15. Qd2 Bd8 16. Rc2 Re8 17. Na4 Bc7 18. Bg1 Rcd8 19. Rb1 Ba8 20. Qc1 h6 21. Nb2 Nf8 22. Nd3 Ng6 23. a4 Qc8 24. b5 a5 25. Nc6 Bxc6 26. bxc6 e5 27. Bxb6 Ne7 28. c5 d5 29. Bxc7 Qxc7 30. Rb7 Qxc6 31. Rb5 Ng6 32. exd5 Nxd5 33. Nf2 Ngf4 34. Bf1 Ne6 35. Rxa5 Qc7 36. Rb5 Nd4 37. Rc4 Nxb5 38. axb5 Rb8 39. b6 Nxb6 40. cxb6 Qxb6 41. Qe1 Rf8 42. Rc3 Rfc8 43. Rxc8+ Rxc8 44. Ng4 Re8 45. Bd3 Qd4 46. Be4 f5 47. Bxf5 Ra8 48. Bb1 Qb2 49. h4 Ra1 50. Kh2 Qxb1 51. Qxe5 Qh1+ 52. Kg3 Qe1+ 53. Qxe1 Rxe1 54. Kf4 Re2 55. Ne3 g6 56. g4 Kf7 57. h5 g5+ 58. Ke4 Ke6 59. f4 Rf2 60. Nd5 gxf4 61. Nxf4+ Kf6 62. Ke3 Ra2 63. Nd3 Ra3 64. Ke4 Ra1 65. Kf4 Ra4+ 66. Kf3 Ra3 67. Ke4 Rb3 68. Nc5 Rb4+ 69. Kf3 Rb5 70. Ne4+ Ke5 71. g5 Rb4 72. Nf2 Rf4+ 73. Kg3 1/2-1/2

[Event "EU-chT (Men)"]
[Site "Batumi"]
[Date "1999.12.04"]
[Round "6.2"]
[White "Onischuk, Alexander"]
[Black "Smirin, Ilia"]
[Result "1/2-1/2"]
[WhiteElo "2657"]
[BlackElo "2671"]
[PlyCount "31"]
[EventDate "1999.11.06"]
[Source "ChessBase"]
[SourceDate "2000.02.01"]

1. e4 c5 2. Nf3 e6 3. d4 cxd4 4. Nxd4 a6 5. c4 Nf6 6. Nc3 Bb4 7. Bd3 Nc6 8. Nde2 d5 9. cxd5 exd5 10. exd5 Nxd5 11. O-O Nxc3 12. bxc3 Bd6 13. Ng3 O-O 14. Ne4 Be7 15. Bf4 Bf5 16. Qf3 1/2-1/2

[Event "Open"]
[Site "New York open"]
[Date "1991.??.??"]
[Round "?"]
[White "Kamsky, Gata"]
[Black "Gurevich, Mikhail N"]
[Result "0-1"]
[WhiteElo "2640"]
[BlackElo "2650"]
[PlyCount "131"]
[EventDate "1991.??.??"]
[Source "www.chesslib.no"]
[SourceDate "2004.05.04"]

1. e4 c5 2. Nf3 e6 3. d4 cxd4 4. Nxd4 a6 5. c4 Nf6 6. Nc3 Qc7 7. Bd3 Nc6 8. Nf3 b6 9. O-O Ng4 10. h3 h5 11. g3 Nge5 12. Be3 h4 13. g4 Bd6 14. Rc1 Nxf3+ 15. Qxf3 Ne5 16. Qd1 Ng6 17. Re1 Bh2+ 18. Kh1 Bf4 19. Bf1 Bxe3 20. Rxe3 O-O 21. Qd4 Qf4 22. Kg1 Rb8 23. Rd1 Rd8 24. Bg2 f6 25. Na4 b5 26. Nc5 Bb7 27. Nxb7 Rxb7 28. cxb5 axb5 29. Rb3 Rbb8 30. Qd2 Kf7 31. Qa5 Qe5 32. Rbd3 Ke8 33. Qd2 Qc7 34. Rd6 Ne5 35. b3 g5 36. Rc1 Qa7 37. Kh1 Rbc8 38. Rd1 Qc7 39. Bf1 Qc3 40. Qe2 b4 41. Bg2 Ke7 42. R6d4 Rb8 43. R4d2 Rdc8 44. Qf1 Rc7 45. f4 Ng6 46. fxg5 fxg5 47. Rf2 Ne5 48. Qa6 Rc6 49. Qe2 Rcc8 50. Qa6 Rc6 51. Qe2 Rcc8 52. Qa6 Qc5 53. Qe2 Rf8 54. Rxf8 Rxf8 55. Qd2 Rf4 56. a3 bxa3 57. b4 Qb5 58. Qc3 a2 59. Ra1 Rf2 60. Qd4 Rc2 61. Bf1 Qb8 62. Bg2 Qd6 63. Qg1 Qd2 64. b5 Nd3 65. Qf1 Rc1 66. Rxa2 0-1

[Event "12. Ciudad de Albacete"]
[Site "Albacete"]
[Date "2004.09.04"]
[Round "6.1"]
[White "Delchev, Aleksander"]
[Black "Epishin, Vladimir"]
[Result "1/2-1/2"]
[WhiteElo "2603"]
[BlackElo "2635"]
[PlyCount "98"]
[EventDate "2004.09.01"]
[Source "Roberto Alvarez"]
[SourceDate "2004.09.15"]

1. e4 c5 2. Nf3 e6 3. d4 cxd4 4. Nxd4 a6 5. c4 Bc5 6. Nc3 d6 7. Be2 Ne7 8. O-O O-O 9. Bg5 h6 10. Bh4 g5 11. Bg3 e5 12. Nb3 Nbc6 13. Nxc5 dxc5 14. Qxd8 Rxd8 15. Rfd1 Rd4 16. f3 Be6 17. Na4 Rad8 18. b3 Ng6 19. Nxc5 Bc8 20. Nd3 f5 21. Bf2 fxe4 22. fxe4 R4d6 23. g3 Nd4 24. Bh5 Kg7 25. c5 Nf3+ 26. Bxf3 Rxd3 27. Be2 Rxd1+ 28. Rxd1 Rxd1+ 29. Bxd1 Bd7 30. Bc2 Nf8 31. b4 Bc6 32. Be1 Kf6 33. Kf2 Ne6 34. h4 Nd4 35. hxg5+ hxg5 36. Bd3 Ba4 37. Bc4 Bc6 38. Bd5 g4 39. Bc3 Nb5 40. Bb2 Nc7 41. Bxc6 bxc6 42. Ke3 Ne6 43. Kd3 Ng7 44. a4 Ke6 45. Bc3 Nh5 46. Be1 Nf6 47. Bd2 Nh5 48. Be1 Nf6 49. Ke3 Nh5 1/2-1/2

[Event "Calcutta 75/160"]
[Site "?"]
[Date "1999.??.??"]
[Round "?"]
[White "Ehlvest, Jaan"]
[Black "Bologan, Viktor"]
[Result "1-0"]
[WhiteElo "2593"]
[BlackElo "2608"]
[PlyCount "87"]
[EventDate "1999.??.??"]
[Source "ChessBase"]
[SourceDate "1999.02.01"]

1. e4 c5 2. Nf3 e6 3. d4 cxd4 4. Nxd4 a6 5. c4 Nf6 6. Nc3 Bb4 7. Bd3 Qc7 8. Nde2 Nc6 9. O-O Ne5 10. h3 Nxc4 11. Qb3 Ne5 12. Qxb4 Nxd3 13. Qd4 Ne5 14. Bf4 d6 15. Rac1 Qe7 16. Rfd1 b5 17. a4 Bd7 18. axb5 axb5 19. b3 Rd8 20. Qb4 Nc6 21. Qxd6 Qxd6 22. Bxd6 b4 23. Nb5 Rc8 24. f3 Kd8 25. Rd2 Na5 26. Bxb4 Rxc1+ 27. Nxc1 Nb7 28. Ne2 Kc8 29. Rc2+ Kb8 30. Bd6+ Nxd6 31. Nxd6 Rf8 32. Kf2 Ne8 33. Nc4 Nc7 34. Nd4 f6 35. Nb6 Be8 36. Rxc7 Kxc7 37. Nxe6+ Kxb6 38. Nxf8 Bf7 39. Nxh7 Bxb3 40. Nf8 Bf7 41. e5 fxe5 42. Nd7+ Kc7 43. Nxe5 Ba2 44. Kg3 1-0

[Event "Ch Bosnia & Herzegovina (team)"]
[Site "Vogosca (Bosnia & Herzegovina"]
[Date "2007.06.06"]
[Round "5"]
[White "Kovacevic Aleksandar (SCG)"]
[Black "Movsesian Sergei (SVK)"]
[Result "1-0"]
[WhiteElo "2555"]
[BlackElo "2642"]
[PlyCount "83"]
[EventDate "2007.??.??"]
[Source "www.chesslib.no"]
[SourceDate "2004.05.04"]

1. e4 c5 2. Nf3 e6 3. d4 cxd4 4. Nxd4 a6 5. c4 Nf6 6. Nc3 Qc7 7. a3 b6 8. Be3 Bb7 9. f3 Be7 10. Be2 d6 11. O-O Nbd7 12. Rc1 O-O 13. Qd2 Rac8 14. b4 Qb8 15. Rc2 Bd8 16. Kh1 Bc7 17. Bg1 Kh8 18. Rb1 Qa8 19. Bf1 Rg8 20. Na4 Rgd8 21. Qe3 h6 22. c5 b5 23. c6 bxa4 24. cxb7 Qxb7 25. Nc6 Bb6 26. Nxd8 Rxd8 27. Qd3 Bxg1 28. Kxg1 Qb6+ 29. Kh1 Ra8 30. Qc3 d5 31. Qc6 Qa7 32. exd5 Nxd5 33. Bxa6 Rd8 34. Qb7 Qe3 35. Rc8 Rxc8 36. Qxc8+ Kh7 37. Qxd7 Qxa3 38. Qxf7 Qe3 39. Bc4 Nf4 40. Qb7 Qd2 41. Qe4+ Kh8 42. Bf1 1-0

[Event "ch-SRB Playoff"]
[Site "Beograd SRB"]
[Date "2007.09.22"]
[Round "1.1"]
[White "Perunovic, Mil"]
[Black "Damljanovic, B."]
[Result "1-0"]
[WhiteElo "2589"]
[BlackElo "2606"]
[PlyCount "87"]
[EventDate "2007.09.21"]
[Source "www.chesslib.no"]
[SourceDate "2004.05.04"]

1. e4 c5 2. Nf3 e6 3. d4 cxd4 4. Nxd4 a6 5. c4 Nf6 6. Nc3 Qc7 7. a3 b6 8. Be3 Bb7 9. f3 d6 10. Rc1 Nbd7 11. Be2 Be7 12. O-O Rc8 13. b4 Qb8 14. Qd2 O-O 15. Rfd1 Rfe8 16. Nb3 d5 17. cxd5 Bd6 18. dxe6 Bxh2+ 19. Kh1 fxe6 20. f4 Bg3 21. e5 Rxc3 22. Qxc3 Nd5 23. Rxd5 Bxd5 24. Bd2 Bf2 25. Rf1 Bh4 26. Nd4 Nf8 27. Qh3 Qd8 28. Be3 b5 29. Rd1 g5 30. Nf3 gxf4 31. Bxf4 Ng6 32. Be3 Be7 33. Rd4 Qc7 34. Bd3 Bxf3 35. Bxg6 hxg6 36. Qxe6+ Kg7 37. Rd7 Qc6 38. Rxe7+ Rxe7 39. Qxe7+ Kg8 40. e6 Bxg2+ 41. Kh2 Qf3 42. Qd8+ Kh7 43. Qd7+ Kg8 44. e7 1-0

[Event "FRA Ch Top 16 Poule Haute"]
[Site "?"]
[Date "2005.05.05"]
[Round "9"]
[White "Pelletier Yannick"]
[Black "Agrest Evgenij"]
[Result "0-1"]
[WhiteElo "2610"]
[BlackElo "2579"]
[PlyCount "136"]
[EventDate "2005.??.??"]
[Source "www.chesslib.no"]
[SourceDate "2004.05.04"]

1. e4 c5 2. Nf3 e6 3. d4 cxd4 4. Nxd4 a6 5. c4 Qc7 6. Nc3 b6 7. Qe2 Bb7 8. g3 Nc6 9. Nxc6 Qxc6 10. Bg2 Bc5 11. Bf4 Ne7 12. Rg1 Bd4 13. O-O-O e5 14. Rxd4 exd4 15. e5 Qc8 16. Bxb7 Qxb7 17. Ne4 O-O 18. Rd1 Qc6 19. Rxd4 Nf5 20. Nf6+ gxf6 21. Qg4+ Kh8 22. Qxf5 Qe6 23. Qxf6+ Qxf6 24. exf6 Rfc8 25. Bd6 Rc6 26. Kd2 h5 27. b3 Kh7 28. Be7 d6 29. Bxd6 Rd8 30. Be5 Rxd4+ 31. Bxd4 Kg6 32. Kd3 Kf5 33. h4 Re6 34. f3 b5 35. c5 Re1 36. g4+ hxg4 37. fxg4+ Kxg4 38. Be3 Kf5 39. h5 Rh1 40. h6 Ke5 41. b4 Rh3 42. Ke2 Ke4 43. Bd2 Rh2+ 44. Ke1 Rh1+ 45. Kf2 Rh2+ 46. Ke1 Ke5 47. c6 Ke6 48. a3 Rh3 49. Kf2 Rh2+ 50. Ke1 Rh4 51. Bg5 Rg4 52. Be3 Kd6 53. Kf2 Kxc6 54. Kf3 Rh4 55. Bg5 Rd4 56. Be3 Rc4 57. Bf4 Kd7 58. Kg4 Rc8 59. Kh5 Rh8 60. Kg5 Ke6 61. Be3 Rg8+ 62. Kh5 Rh8 63. Kg5 Ke5 64. Bd2 Ke4 65. Bc3 Rg8+ 66. Kh5 Rg1 67. Bd2 Kf5 68. Kh4 Kg6 0-1

[Event "Europa ch 2008"]
[Site "Plovdiv BUL"]
[Date "2008.04.23"]
[Round "3.40"]
[White "Vuckovic, Bojan"]
[Black "Istratescu, Andrei"]
[Result "1/2-1/2"]
[WhiteElo "2556"]
[BlackElo "2628"]
[PlyCount "22"]
[EventDate "2008.04.21"]
[Source "www.chesslib.no"]
[SourceDate "2004.05.04"]

1. e4 c5 2. Nf3 e6 3. d4 cxd4 4. Nxd4 a6 5. c4 Nf6 6. Nc3 Bb4 7. Qc2 Qc7 8. a3 Bd6 9. Be2 Nc6 10. Be3 O-O 11. Qd2 Be5 1/2-1/2

[Event "ESP-Tch  1a Div"]
[Site "Ciudad Real"]
[Date "2004.08.27"]
[Round "5"]
[White "Campora, Daniel Hugo"]
[Black "Markowski, Tomasz"]
[Result "1/2-1/2"]
[WhiteElo "2557"]
[BlackElo "2605"]
[PlyCount "189"]
[EventDate "2004.08.23"]
[Source "Roberto Alvarez"]
[SourceDate "2004.09.06"]

1. e4 c5 2. Nf3 e6 3. d4 cxd4 4. Nxd4 a6 5. c4 Nf6 6. Nc3 Qc7 7. a3 Be7 8. Be3 Nc6 9. Rc1 O-O 10. Be2 Nxd4 11. Qxd4 d6 12. O-O Bd7 13. Rfd1 Rfc8 14. Qd2 Bc6 15. f3 Be8 16. Qe1 b6 17. Qf2 Rab8 18. b4 Rd8 19. Bf1 Qb7 20. Kh1 h6 21. Rb1 Qc7 22. Rdc1 Qb7 23. a4 Qc7 24. Qa2 Nd7 25. a5 bxa5 26. b5 Nc5 27. bxa6 Nxa6 28. Nb5 Qc8 29. Qxa5 Nc5 30. Nxd6 Bxd6 31. Rxb8 Qxb8 32. Bxc5 Bc7 33. Qa7 Bxh2 34. Qxb8 Bxb8 35. Bb6 Rd2 36. Be3 Rb2 37. Rd1 Bc7 38. Kg1 Bc6 39. Bd4 Ra2 40. e5 g5 41. Ra1 Rd2 42. Be3 Bxe5 43. Ra6 Bb7 44. Rxe6 Rxg2+ 45. Kxg2 fxe6 46. Kf2 Kf7 47. Bd3 Bc6 48. Bc2 Kf6 49. Bb6 Ke7 50. Bg6 Kf6 51. Bd3 Bf4 52. Bd4+ Kf7 53. Bf1 h5 54. Bb6 Ke7 55. Bc5+ Kd7 56. Bd3 h4 57. Bf1 Ba4 58. Ke2 Bc2 59. Bh3 Bb3 60. Kd3 Bd1 61. Bg2 Kc6 62. Be7 Kd7 63. Bc5 e5 64. Bf2 Kc6 65. Ba7 Bb3 66. Bh3 Ba2 67. Bg4 Bb1+ 68. Ke2 Bc2 69. Be6 Kd6 70. Bh3 Bg6 71. Bb8+ Kc5 72. Be6 Bh5 73. Ba7+ Kd6 74. Bf5 Bf7 75. Bd3 h3 76. Kf2 Be6 77. Bb6 Kc6 78. Ba7 Kb7 79. Bc5 Bd7 80. Be4+ Kc7 81. Bd5 Ba4 82. Be7 Bc2 83. c5 Ba4 84. Bd6+ Kd7 85. Be4 h2 86. Kg2 Bc6 87. Bf5+ Ke8 88. Bg6+ Kd8 89. Be4 Bxe4 90. fxe4 Kd7 91. Kh1 g4 92. Kg2 Ke6 93. Bf8 Kd7 94. Bd6 g3 95. Bb8 1/2-1/2

[Event "New York 73/204"]
[Site "?"]
[Date "1998.??.??"]
[Round "?"]
[White "Ehlvest, Jaan"]
[Black "Shaked, Tal"]
[Result "1-0"]
[WhiteElo "2610"]
[BlackElo "2535"]
[PlyCount "55"]
[EventDate "1998.??.??"]
[Source "ChessBase"]
[SourceDate "1998.06.01"]

1. Nf3 c5 2. e4 e6 3. d4 cxd4 4. Nxd4 a6 5. c4 Nf6 6. Nc3 Bb4 7. Bd3 Nc6 8. Nde2 d6 9. O-O Bd7 10. h3 Ne5 11. Bf4 Bc5 12. a3 Ng6 13. Bh2 e5 14. Kh1 O-O 15. f4 exf4 16. Nxf4 Bd4 17. Nfd5 Nxd5 18. exd5 Bxc3 19. bxc3 Ne5 20. Bxe5 dxe5 21. Qh5 f5 22. Bxf5 g6 23. Bxg6 hxg6 24. Qxg6+ Kh8 25. Qh6+ Kg8 26. Rf3 Rxf3 27. gxf3 Kf7 28. Qh7+ 1-0

[Event "It (Open) Graz AUT"]
[Site "?"]
[Date "2005.09.10"]
[Round "8"]
[White "Luther Thomas"]
[Black "Stanec Nikolaus"]
[Result "1/2-1/2"]
[WhiteElo "2569"]
[BlackElo "2568"]
[PlyCount "30"]
[EventDate "2005.??.??"]
[Source "www.chesslib.no"]
[SourceDate "2004.05.04"]

1. e4 c5 2. Nf3 e6 3. d4 cxd4 4. Nxd4 a6 5. c4 Nf6 6. Nc3 Qc7 7. a3 b6 8. Be3 Bb7 9. f3 Be7 10. Be2 O-O 11. O-O Bd6 12. g3 Bxg3 13. hxg3 Qxg3+ 14. Kh1 Qh3+ 15. Kg1 Qg3+ 1/2-1/2

[Event "Jugoslavija"]
[Site "?"]
[Date "2000.??.??"]
[Round "?"]
[White "Velimirovic, D."]
[Black "Rublevsky, S."]
[Result "1-0"]
[WhiteElo "2465"]
[BlackElo "2670"]
[PlyCount "85"]
[EventDate "2000.??.??"]
[Source "Chess Informant"]
[SourceDate "2000.06.01"]

1. e4 c5 2. Nf3 e6 3. d4 cxd4 4. Nxd4 a6 5. c4 Nf6 6. Nc3 Bb4 7. Bd3 Nc6 8. Nxc6 dxc6 9. e5 Qa5 10. exf6 Bxc3+ 11. bxc3 Qxc3+ 12. Qd2 Qxa1 13. O-O Qxf6 14. Ba3 Bd7 15. Rb1 c5 16. Be4 Qe5 17. f3 Bc6 18. Bb2 Qc7 19. Bxg7 Rg8 20. Bf6 Bxe4 21. fxe4 Rg6 22. e5 Qc6 23. Rd1 Kf8 24. Qe2 b5 25. Rd6 Qc7 26. Qf3 Rb8 27. h4 bxc4 28. h5 Rg8 29. Rxa6 c3 30. Qxc3 Rg4 31. Qf3 Rd4 32. Qg3 Ke8 33. Ra7 Rb7 34. Qg8+ Kd7 35. Qxf7+ Kc6 36. Qxe6+ Kb5 37. Qb3+ Rb4 38. Qd3+ Kc6 39. Ra6+ R7b6 40. Bd8 Qxe5 41. Rxb6+ Rxb6 42. Qf3+ Kd7 43. Bxb6 1-0

[Event "Team Ch 2004"]
[Site "Gaia"]
[Date "2004.08.06"]
[Round "5.51"]
[White "Spraggett, Kevin"]
[Black "Campora, Daniel"]
[Result "1-0"]
[WhiteElo "2584"]
[BlackElo "2547"]
[PlyCount "98"]
[EventDate "2004.08.02"]
[Source "Roberto Alvarez"]
[SourceDate "2004.10.05"]

1. e4 c5 2. Nf3 e6 3. d4 cxd4 4. Nxd4 a6 5. c4 Nf6 6. Nc3 Qc7 7. Be3 Bb4 8. Bd3 Bxc3+ 9. bxc3 d6 10. O-O Nbd7 11. f4 b6 12. Nb3 Bb7 13. Qc2 e5 14. Rae1 Ng4 15. Bc1 exf4 16. Rxf4 Nge5 17. Bf1 O-O 18. Nd4 Rfe8 19. Nf5 Nc5 20. Rf2 f6 21. Bf4 g6 22. Nh6+ Kg7 23. h3 Re6 24. Re3 Rae8 25. Rd2 R6e7 26. Qb1 Ne6 27. Bxe5 dxe5 28. Ng4 Nc5 29. Nf2 Rd8 30. Rde2 Rd6 31. h4 Bc8 32. Qc1 Be6 33. Re1 Qd8 34. h5 Red7 35. hxg6 hxg6 36. Rg3 Rd2 37. Be2 Rxa2 38. Qe3 Rdd2 39. Qf3 a5 40. Qh5 Bf7 41. Qf3 Be6 42. Qh5 g5 43. Re3 a4 44. Kf1 a3 45. Nh3 Qh8 46. Qf3 Qh6 47. Nf2 Qg6 48. g4 Rab2 49. Nh1 a2 1-0

[Event "Manila (ol)"]
[Site "?"]
[Date "1992.??.??"]
[Round "?"]
[White "van der Wiel, J."]
[Black "Kurajica, B."]
[Result "1-0"]
[WhiteElo "2540"]
[BlackElo "2585"]
[PlyCount "113"]
[EventDate "1992.??.??"]
[Source "ChessBase"]
[SourceDate "1992.06.01"]

1. e4 c5 2. Nf3 e6 3. d4 cxd4 4. Nxd4 a6 5. c4 d5 6. exd5 exd5 7. Nc3 Nf6 8. Bg5 Be7 9. Bxf6 Bxf6 10. Qe2+ Kf8 11. Rd1 Nc6 12. Nxc6 bxc6 13. cxd5 cxd5 14. Nxd5 Bb7 15. Qc4 Kg8 16. Be2 Qa5+ 17. Kf1 Bd8 18. b4 Qa4 19. Nc3 Qe8 20. Bf3 Rc8 21. Qd3 Bxf3 22. gxf3 h5 23. Ne4 Be7 24. Qxa6 Rh6 25. Qb7 Rb8 26. Qd7 Qxd7 27. Rxd7 Bxb4 28. Rg1 Ra6 29. Rg5 Bf8 30. Rxh5 Rxa2 31. Rg5 Ra6 32. h4 Re8 33. h5 Be7 34. Rb5 Re6 35. Rbb7 Re5 36. Ng3 Kf8 37. f4 Ra5 38. Kg2 Rc5 39. Kh3 f5 40. Kg2 Ra5 41. Nf1 Kf7 42. Nd2 Ra4 43. Kg3 Ra3+ 44. Nf3 Kf8 45. Kg2 Ra6 46. Nd4 Rf6 47. Rdc7 Bd6 48. Rxg7 Bxf4 49. Rh7 Kg8 50. Rbg7+ Kf8 51. Rg6 Rxg6+ 52. hxg6 Re7 53. Rh8+ Kg7 54. Rh4 Bg5 55. Nxf5+ Kf6 56. Nxe7 Bxh4 57. g7 1-0

[Event "Balkaniad (Men)"]
[Site "Baile Herculane"]
[Date "1978.10.??"]
[Round "5"]
[White "Ljubojevic, Ljubomir"]
[Black "Gheorghiu, Florin"]
[Result "1/2-1/2"]
[WhiteElo "2605"]
[BlackElo "2520"]
[PlyCount "76"]
[EventDate "1978.10.02"]
[Source "www.chesslib.no"]
[SourceDate "2004.05.04"]

1. e4 c5 2. Nf3 e6 3. d4 cxd4 4. Nxd4 a6 5. c4 Nf6 6. Nc3 d6 7. f4 Qc7 8. Bd3 g6 9. O-O Bg7 10. Kh1 O-O 11. Qe2 Nbd7 12. Nf3 b6 13. Bd2 Bb7 14. Rac1 Rac8 15. b4 Qb8 16. Rfe1 Rfe8 17. Qf2 Qa8 18. h3 d5 19. cxd5 exd5 20. e5 Ne4 21. Qd4 Nxd2 22. Nxd2 f6 23. Nf3 fxe5 24. fxe5 b5 25. Rcd1 Qb8 26. Nxd5 Nxe5 27. Nxe5 Bxe5 28. Qe4 Qd6 29. Bb1 Kg7 30. Qf3 Bg3 31. Rxe8 Rxe8 32. Be4 Rf8 33. Qb3 Qe5 34. Qc3 Rf2 35. a3 Re2 36. Qxe5+ Bxe5 37. Nc3 Bxc3 38. Bxb7 a5 1/2-1/2

[Event "35th World Open"]
[Site "King of Prussia USA"]
[Date "2007.06.04"]
[Round "9"]
[White "Sandipan, C."]
[Black "Stripunsky, A."]
[Result "1/2-1/2"]
[WhiteElo "2552"]
[BlackElo "2569"]
[PlyCount "33"]
[EventDate "2007.06.30"]
[Source "www.chesslib.no"]
[SourceDate "2004.05.04"]

1. e4 c5 2. Nf3 e6 3. d4 cxd4 4. Nxd4 a6 5. c4 Nf6 6. Nc3 Bb4 7. Bd3 Bxc3+ 8. bxc3 d6 9. O-O e5 10. Nf5 Bxf5 11. exf5 Nbd7 12. f4 Qc7 13. Rb1 O-O-O 14. Be2 Rhe8 15. Kh1 Ne4 16. Qc2 Nec5 17. Be3 1/2-1/2

[Event "Europa ch 2008"]
[Site "Plovdiv BUL"]
[Date "2008.04.26"]
[Round "6.59"]
[White "Nanu, Ciprian-Costica"]
[Black "Markowski, Tomasz"]
[Result "0-1"]
[WhiteElo "2515"]
[BlackElo "2598"]
[PlyCount "104"]
[EventDate "2008.04.21"]
[Source "www.chesslib.no"]
[SourceDate "2004.05.04"]

1. e4 c5 2. Nf3 e6 3. d4 cxd4 4. Nxd4 a6 5. c4 Nf6 6. Nc3 Bb4 7. Qc2 O-O 8. e5 Ng4 9. f4 Bc5 10. Nb3 Bf2+ 11. Ke2 Qh4 12. Qd3 Ba7 13. g3 Qh5 14. Qf3 Qg6 15. h3 Nh6 16. Kd1 Nc6 17. Bd3 f5 18. Be3 Bxe3 19. Qxe3 b6 20. g4 Nb4 21. Bb1 Bb7 22. Rh2 Qf7 23. a3 Nc6 24. g5 Qh5+ 25. Qe2 Qxe2+ 26. Rxe2 Nf7 27. Rd2 Rfd8 28. c5 b5 29. Ke1 Rab8 30. Ba2 b4 31. Na4 bxa3 32. bxa3 Ne7 33. Nb6 Nd5 34. Na5 Nxf4 35. Nxd7 Nxg5 36. Rd6 Be4 37. Nxb8 Rxb8 38. Rb6 Rd8 39. Rd6 Rb8 40. c6 Rb2 41. c7 Ng2+ 42. Kd1 Ne3+ 43. Kc1 Rc2+ 44. Kb1 Rxc7+ 45. Kb2 Rc2+ 46. Kb3 Bd5+ 47. Rxd5 exd5 48. Re1 Rc5 49. Nb7 Rb5+ 50. Kc3 f4 51. Nd6 Rc5+ 52. Kd3 Ra5 0-1

[Event "I Memorial Vieira de Carvalho"]
[Site "Maia"]
[Date "2003.06.30"]
[Round "9"]
[White "Spraggett, Kevin"]
[Black "Oratovsky, Michael"]
[Result "1-0"]
[WhiteElo "2526"]
[BlackElo "2587"]
[PlyCount "167"]
[EventDate "2003.06.23"]
[Source "Roberto Alvarez"]
[SourceDate "2003.07.14"]

1. e4 c5 2. Nf3 e6 3. d4 cxd4 4. Nxd4 a6 5. c4 Nf6 6. Nc3 Bb4 7. Bd3 Qc7 8. Nde2 Nc6 9. O-O Ne5 10. h3 Be7 11. b3 d6 12. a4 b6 13. Bc2 g6 14. Be3 Bb7 15. Rc1 h5 16. f4 Ned7 17. Nd4 Rc8 18. Bb1 Qb8 19. Nf3 h4 20. Ng5 Rh5 21. e5 dxe5 22. Nxe6 Rh8 23. f5 Rg8 24. Ng5 gxf5 25. Rxf5 Qc7 26. Nce4 Bxe4 27. Nxe4 Nxe4 28. Bxe4 Nf6 29. Bd5 Rd8 30. Qf1 Bc5 31. Bxc5 Qxc5+ 32. Kh1 Nxd5 33. Rxe5+ Kf8 34. cxd5 Qd6 35. Rf5 Rg7 36. Rc6 Qg3 37. Rh6 Kg8 38. Rfh5 Kf8 39. Rxb6 Re8 40. Re6 Rxe6 41. dxe6 Qxb3 42. exf7 Rxf7 43. Rf5 Rxf5 44. Qxf5+ Ke7 45. Qe4+ Kf7 46. Qxh4 Qd3 47. Kh2 Qd6+ 48. Qg3 Qb4 49. Qc7+ Kg6 50. a5 Kf5 51. Qc8+ Ke5 52. Qh8+ Kd5 53. Qh5+ Kc6 54. h4 Qb8+ 55. g3 Qb5 56. Qf3+ Kd7 57. Qf7+ Kd6 58. Qf6+ Kd7 59. Qb6 Qe2+ 60. Kh3 Qf1+ 61. Kg4 Qe2+ 62. Kf4 Qf1+ 63. Kg5 Qc1+ 64. Kh5 Qd1+ 65. g4 Qd5+ 66. Kh6 Qc4 67. Qg6 Qf4+ 68. Kh7 Qb4 69. h5 Ke7 70. Qf5 Ke8 71. g5 Qe7+ 72. Kh6 Qb4 73. Qe6+ Kf8 74. Qf6+ Ke8 75. g6 Qd2+ 76. Qg5 Qd6 77. Kh7 Qd3 78. Qe5+ Kf8 79. Qf4+ Ke8 80. Kh8 Qd7 81. Qf7+ Qxf7 82. gxf7+ Kxf7 83. Kh7 Kf6 84. Kh6 1-0

[Event "San Nicolas zt playoff"]
[Site "San Nicolas"]
[Date "1993.05.??"]
[Round "3"]
[White "Campora, Daniel H"]
[Black "Milos, Gilberto"]
[Result "1/2-1/2"]
[WhiteElo "2550"]
[BlackElo "2560"]
[PlyCount "162"]
[EventDate "1993.05.??"]
[Source "www.chesslib.no"]
[SourceDate "2004.05.04"]

1. e4 c5 2. Nf3 e6 3. d4 cxd4 4. Nxd4 a6 5. c4 Nf6 6. Nc3 Qc7 7. Be2 Bb4 8. Qd3 O-O 9. Bd2 Nc6 10. f4 Nxd4 11. Qxd4 d6 12. Qd3 Bd7 13. O-O Bc6 14. Bf3 Rac8 15. Kh1 Rfd8 16. Rac1 Qe7 17. Rfe1 Qf8 18. a3 Bc5 19. b4 Ba7 20. Be3 Bxe3 21. Qxe3 h6 22. b5 axb5 23. cxb5 Be8 24. a4 Nd7 25. a5 Nc5 26. Ra1 Ra8 27. Reb1 Qe7 28. h3 Rdc8 29. e5 d5 30. Ne2 Qd8 31. Qd2 Qh4 32. Kh2 Ne4 33. Bxe4 dxe4 34. Qd4 Rc2 35. Qxe4 Rac8 36. Qe3 Qh5 37. Ng3 Qg6 38. Qe4 Qxe4 39. Nxe4 Re2 40. Re1 Rxe1 41. Rxe1 Bxb5 42. Nd6 Rc5 43. Nxb7 Rc2 44. Nd8 Rd2 45. Rb1 Be2 46. Rb8 Kh7 47. Kg1 Bc4 48. Nxf7 Bd5 49. g4 Rg2+ 50. Kf1 Ra2 51. Nd6 Bg2+ 52. Kg1 Bxh3 53. f5 exf5 54. gxf5 Rxa5 55. Re8 Rd5 56. Kf2 Bg4 57. Ke3 Bh5 58. Re7 Kg8 59. Ke4 Rd1 60. Ra7 Rd2 61. Ra8+ Kh7 62. Rd8 Bd1 63. e6 h5 64. Nf7 Rxd8 65. Nxd8 Kg8 66. e7 Ba4 67. Kf4 h4 68. Kg4 g5 69. f6 Be8 70. Nb7 h3 71. Nd6 h2 72. Nxe8 h1=Q 73. Nd6 Qd1+ 74. Kf5 Qd3+ 75. Ke6 Qb3+ 76. Kf5 Qd3+ 77. Kxg5 Qg3+ 78. Kf5 Qd3+ 79. Ke5 Qc3+ 80. Ke6 Qb3+ 81. Kd7 Qa4+ 1/2-1/2

[Event "CRO-chT"]
[Site "Pula"]
[Date "1999.09.16"]
[Round "7"]
[White "Sax, Gyula"]
[Black "Delchev, Aleksander"]
[Result "1-0"]
[WhiteElo "2588"]
[BlackElo "2521"]
[PlyCount "106"]
[EventDate "1999.09.05"]
[Source "www.chesslib.no"]
[SourceDate "2004.05.04"]

1. e4 c5 2. Nf3 e6 3. d4 cxd4 4. Nxd4 a6 5. c4 Nf6 6. Nc3 Qc7 7. Qe2 Bd6 8. g3 O-O 9. Bg2 Be5 10. Be3 Nc6 11. Rd1 d5 12. Nxc6 bxc6 13. O-O a5 14. Na4 Ba6 15. b3 Nd7 16. f4 Bf6 17. Qd2 Rad8 18. cxd5 exd5 19. Rfe1 dxe4 20. Qd6 Qxd6 21. Rxd6 Bd3 22. Bd2 Be7 23. Rxd3 exd3 24. Rxe7 Nf6 25. Nc5 Nd5 26. Re1 Nb4 27. a3 Nc2 28. Rc1 Rfe8 29. Bf1 Rd5 30. Bxd3 Nd4 31. Kf2 Nxb3 32. Nxb3 Rxd3 33. Rc3 Ree3 34. Rxc6 Rf3+ 35. Ke2 h5 36. Nxa5 h4 37. Nc4 hxg3 38. hxg3 Rxg3 39. a4 Rd4 40. a5 Re4+ 41. Be3 Re7 42. a6 Rg2+ 43. Kd3 Ra2 44. Kc3 Re4 45. Kb4 Kh7 46. Kb5 Ra1 47. Bd2 f6 48. Rc7 Rb1+ 49. Bb4 Ra1 50. a7 Rxa7 51. Rxa7 Rxf4 52. Nd6 Rg4 53. Bc3 Kg8 1-0

[Event "GMA"]
[Site "Murcia GMA"]
[Date "1990.??.??"]
[Round "?"]
[White "Benjamin, Joel L"]
[Black "Hulak, Krunoslav"]
[Result "1-0"]
[WhiteElo "2530"]
[BlackElo "2560"]
[PlyCount "63"]
[EventDate "1990.??.??"]
[Source "www.chesslib.no"]
[SourceDate "2004.05.04"]

1. e4 c5 2. Nf3 e6 3. d4 cxd4 4. Nxd4 a6 5. c4 Nf6 6. Nc3 Qc7 7. Bd3 Nc6 8. Nxc6 dxc6 9. O-O Bc5 10. Kh1 e5 11. f4 Ng4 12. Qf3 Qd8 13. f5 Nf2+ 14. Rxf2 Bxf2 15. Qxf2 Qxd3 16. f6 g6 17. Bh6 Qxc4 18. Qb6 Qd4 19. Qc7 Qd7 20. Qxe5+ Qe6 21. Qc5 Qxf6 22. Bg5 Qe6 23. Rf1 h6 24. Bf6 Rg8 25. e5 Kd7 26. Qb6 Qc4 27. Rd1+ Ke6 28. Rd6+ Kf5 29. Qf2+ Qf4 30. Qc2+ Kg4 31. Qe2+ Kf5 32. Qd3+ 1-0